000
00262nam a2200121Ia 4500
008
190216s9999||||xx |||||||||||||| ||und||
100
_a
Ramakrishnan T S
245
0
_a
Diseases Of Rice
260
_b
Null
_c
1971
300
_a
153p
650
_a
Botany
942
_c
BK
999
_c
1228
_d
1228